[Event "VIE-ch U11 Girls"]
[Site "Ho Chi Minh City"]
[Date "2022.07.16"]
[Round "8"]
[White "Vu, Nguyen Bao Linh"]
[Black "Do, Ha Trang"]
[Result "1-0"]
[WhiteElo "2166"]
[BlackElo "2168"]
[PlyCount "55"]
[EventDate "2022.07.11"]
[EventType "swiss"]
[EventRounds "9"]
[EventCountry "VIE"]
[SourceTitle "EXT 2023"]
[Source "ChessBase"]
[SourceDate "2022.10.05"]
[SourceVersion "1"]
[SourceVersionDate "2022.10.05"]
[SourceQuality "1"]

1. e4 c5 2. Nf3 d6 3. d4 cxd4 4. Nxd4 Nf6 5. Nc3 g6 6. Be3 Bg7 7. f3 0-0 8. Bc4 Nc6 9. Qd2 Na5 10. Bb3 Nxb3 11. axb3 d5 12. e5 Nd7 13. f4 a6 14. 0-0-0 Qa5 15. Kb1 Nb8 16. Qf2 e6 17. g4 Qc7 18. h4 Bd7 19. h5 Bc6 20. hxg6 hxg6 21. Rh3 Nd7 22. Rdh1 Rfe8 23. Qh4 Kf8 24. Qg5 Kg8 25. Rh7 Bxe5 26. Qh6 Bxd4 27. Rh8+ Bxh8 28. Qxh8# 1-0

[Event "VIE-ch U11 Girls"]
[Site "Hanoi"]
[Date "2022.06.15"]
[Round "6"]
[White "Vu, Nguyen Bao Linh"]
[Black "Cong, Nu Bao An"]
[Result "0-1"]
[WhiteElo "2171"]
[BlackElo "2177"]
[PlyCount "120"]
[EventDate "2022.06.11"]
[EventType "swiss"]
[EventRounds "7"]
[EventCountry "VIE"]
[SourceTitle "EXT 2023"]
[Source "ChessBase"]
[SourceDate "2022.10.05"]
[SourceVersion "1"]
[SourceVersionDate "2022.10.05"]
[SourceQuality "1"]

1. e4 d5 2. exd5 Qxd5 3. Nc3 Qa5 4. d4 Nf6 5. Bd2 c6 6. Bc4 Qc7 7. h3 Bf5 8. Nge2 e6 9. Bf4 Bd6 10. Bxd6 Qxd6 11. Ng3 Bg6 12. 0-0 0-0 13. Nce2 Nbd7 14. Bd3 Bxd3 15. Qxd3 Rfd8 16. Rad1 Nf8 17. c4 Ng6 18. Ne4 Nxe4 19. Qxe4 Qb4 20. Qc2 Qd6 21. Nc3 Qf4 22. Qd2 Qxd2 23. Rxd2 Rd7 24. Rfd1 Rad8 25. f3 Ne7 26. g4 Ng6 27. Kf2 Ne7 28. Ke3 f5 29. h4 Kf7 30. Ne2 b6 31. b4 Nc8 32. c5 Ne7 33. Nc3 b5 34. Rd3 g6 35. g5 a5 36. Rb1 e5 37. d5 axb4 38. Rxb4 Nxd5+ 39. Rxd5 Rxd5 40. Nxd5 Rxd5 41. a4 Rd4 42. Rb3 Rxa4 43. Rd3 f4+ 44. Kd2 Rd4 45. Rxd4 exd4 46. Kd3 Ke6 47. Ke4 b4 48. Kxd4 b3 49. Kc3 Kd5 50. Kxb3 Kxc5 51. Kc3 Kd5 52. Kd3 c5 53. Kc3 c4 54. Kc2 Kd4 55. Kd2 c3+ 56. Kc2 Ke3 57. Kxc3 Kxf3 58. Kd4 Kg3 59. Ke5 f3 60. Kf6 Kxh4 0-1

[Event "VIE-ch U11 Girls"]
[Site "Hanoi"]
[Date "2022.06.13"]
[Round "4"]
[White "Tran, Nguyen Ha Anh"]
[Black "Vu, Nguyen Bao Linh"]
[Result "0-1"]
[WhiteElo "2175"]
[BlackElo "2171"]
[PlyCount "68"]
[EventDate "2022.06.11"]
[EventType "swiss"]
[EventRounds "7"]
[EventCountry "VIE"]
[SourceTitle "EXT 2023"]
[Source "ChessBase"]
[SourceDate "2022.10.05"]
[SourceVersion "1"]
[SourceVersionDate "2022.10.05"]
[SourceQuality "1"]

1. e4 Nf6 2. e5 Nd5 3. Nf3 d6 4. exd6 exd6 5. d4 Be7 6. c3 Nb6 7. Be2 Nc6 8. 0-0 Bf5 9. Bf4 0-0 10. Nbd2 Bf6 11. Nc4 Nxc4 12. Bxc4 Ne7 13. Re1 d5 14. Bb3 b6 15. Ne5 Ng6 16. Bg3 Bxe5 17. dxe5 Be6 18. Qd2 Qe7 19. Rad1 Rfd8 20. Qe2 c5 21. Bc2 a6 22. Qe3 Rac8 23. Bb1 b5 24. h3 Qd7 25. Bh2 Bf5 26. Bxf5 Qxf5 27. g4 Qd7 28. f4 d4 29. Qd2 Qb7 30. cxd4 cxd4 31. f5 Nh4 32. Kf1 Qh1+ 33. Bg1 Qxh3+ 34. Ke2 Qf3# 0-1

[Event "VIE-ch U11 Girls"]
[Site "Hanoi"]
[Date "2022.06.13"]
[Round "3"]
[White "Vu, Nguyen Bao Linh"]
[Black "Truong, Xuan Minh"]
[Result "1-0"]
[WhiteElo "2171"]
[BlackElo "2168"]
[PlyCount "145"]
[EventDate "2022.06.11"]
[EventType "swiss"]
[EventRounds "7"]
[EventCountry "VIE"]
[SourceTitle "EXT 2023"]
[Source "ChessBase"]
[SourceDate "2022.10.05"]
[SourceVersion "1"]
[SourceVersionDate "2022.10.05"]
[SourceQuality "1"]

1. e4 e5 2. Nf3 Nc6 3. Bc4 Bc5 4. c3 Nf6 5. d3 d6 6. Bb3 Bb6 7. h3 0-0 8. Bg5 h6 9. Be3 Ne7 10. 0-0 Ng6 11. Bc2 Re8 12. Nbd2 c6 13. d4 exd4 14. cxd4 Bc7 15. Re1 Bd7 16. a3 a5 17. b4 axb4 18. axb4 Rxa1 19. Qxa1 Qa8 20. Qc3 Qb8 21. Ra1 Nh5 22. Nf1 Ngf4 23. Bxf4 Nxf4 24. Ng3 Qc8 25. Nh2 g5 26. Qf3 Bb6 27. Rd1 Qd8 28. Ng4 Kg7 29. Ne3 Qf6 30. Ngf5+ Bxf5 31. Nxf5+ Kf8 32. g3 Ne6 33. d5 cxd5 34. Rxd5 Rd8 35. Qh5 Nd4 36. Nxd4 Bxd4 37. Rf5 Qg7 38. Bb3 Rd7 39. Kg2 Be5 40. Qd1 Rc7 41. Qd5 Ke8 42. Ba4+ Kd8 43. Qb5 Qf8 44. Qb6 Qe7 45. Bb3 f6 46. Bd5 Qd7 47. Bxb7 Ke7 48. Bd5 Rc8 49. Qa5 Rb8 50. Rf3 Rb5 51. Qa4 Rb6 52. Qxd7+ Kxd7 53. Rb3 Bd4 54. f4 Bc5 55. bxc5 Rxb3 56. c6+ Kc7 57. Bxb3 Kxc6 58. Kf3 Kc5 59. Ke3 h5 60. fxg5 fxg5 61. Bf7 h4 62. gxh4 gxh4 63. Kf4 Kd4 64. Bd5 Kd3 65. Kg4 Kd4 66. Kxh4 Ke5 67. Kg5 Kd4 68. h4 Ke5 69. h5 Kd4 70. h6 Ke5 71. h7 Kd4 72. h8Q+ Ke3 73. Qc3+ 1-0